000 00495nam a2200169Ia 4500
008 240729s9999 xx 000 0 und d
022 _a2156-5899
245 0 _aJournal of Evidence-Based Complementary & Alternative Medicine
260 _aUnited States
260 _bSAGE Publishing
650 _a Homeopathy
650 _a Other systems of medicine | Medicine
650 _aMedicine
856 _uhttps://doaj.org/toc/a850617e9d3d469497bc5ba6fff5c0eb
942 _2ddc
942 _cDOAJEJ
999 _c67819
_d67819
945 _a1
_bMadushi Gamage
_c1
_dMadushi Gamage